[Event "Tournoi francophone 017"]
[Site "Skype"]
[Date "????.??.??"]
[Round "4.36"]
[White "Trapletti, Cosetta"]
[Black "Esformes, Jacques"]
[Result "0-1"]
[WhiteElo "1000"]
[BlackElo "1015"]
[PlyCount "84"]

1. c4 Nf6 2. d4 e5 3. Nc3 Bb4 4. Be3 d5 5. dxe5 Ne4 6. Qd3 Nxc3 7. bxc3 Ba5 8.
cxd5 O-O 9. Bc5 Re8 10. Nf3 b6 11. Bb4 Ba6 12. Qd4 c5 13. Bxc5 bxc5 14. Qxc5
Bb6 15. Qd6 Qxd6 16. exd6 Nd7 17. e3 Bb7 18. Bb5 Red8 19. e4 a6 20. Ba4 Rac8
21. Rc1 Rc4 22. O-O Rxa4 23. Rb1 Rxa2 24. g3 a5 25. Kg2 Ba6 26. Kh3 Bd3 27.
Rfe1 Bxb1 28. Rxb1 Rc8 29. Rc1 Rxf2 30. Nd4 Bxd4 31. Re1 Bxc3 32. Re3 a4 33. e5
Bxe5 34. Kg4 f6 35. h4 Rc4+ 36. Kh3 Rc3 37. Rxc3 Bxc3 38. Kg4 Be5 39. h5 Bxd6
40. Kh3 a3 41. g4 a2 42. Kh4 Rh2# 0-1

[Event "Tournoi francophone 017"]
[Site "Skype"]
[Date "????.??.??"]
[Round "5.1"]
[White "Elias, Roberto"]
[Black "Lambert, Pierre"]
[Result "1-0"]
[WhiteElo "1671"]
[BlackElo "1660"]
[PlyCount "67"]

1. c4 e5 2. Nc3 Nf6 3. g3 c6 4. d4 exd4 5. Qxd4 d5 6. Bg5 Be7 7. cxd5 Nxd5 8.
Bxe7 Nxe7 9. Qxg7 Ng6 10. Rd1 Qe7 11. Nf3 Nd7 12. h4 h5 13. Bh3 Nf6 14. Bxc8
Rxc8 15. Nd4 Rd8 16. Nf5 Rxd1+ 17. Nxd1 Qe6 18. Nde3 Rh7 19. Qxh7 Nxh7 20. Ng7+
Ke7 21. Nxe6 Kxe6 22. Kd2 Nf6 23. f3 Nd5 24. Nxd5 Kxd5 25. g4 hxg4 26. fxg4 Ke5
27. h5 Nh8 28. Ke3 c5 29. Rf1 b6 30. g5 c4 31. h6 b5 32. h7 a6 33. Rxf7 Nxf7
34. g6 1-0

[Event "Tournoi francophone 017"]
[Site "Skype"]
[Date "????.??.??"]
[Round "5.2"]
[White "Ambrosino, Theo"]
[Black "Megelas, Florent"]
[Result "0-1"]
[WhiteElo "1755"]
[BlackElo "1496"]
[PlyCount "40"]

1. c4 Nf6 2. Nf3 g6 3. g3 Bg7 4. Bg2 O-O 5. e3 c6 6. d4 d5 7. b3 Nbd7 8. cxd5
Nxd5 9. O-O Re8 10. Bb2 e5 11. dxe5 Nxe5 12. Nxe5 Bxe5 13. Bxe5 Rxe5 14. e4 Qf6
15. exd5 Bd7 16. Nc3 Rae8 17. Qf3 Qe7 18. Qf4 Rf5 19. Qd2 Re5 20. Rae1 Rxe1 0-1

[Event "Tournoi francophone 017"]
[Site "Skype"]
[Date "????.??.??"]
[Round "5.3"]
[White "Deville, Olivier"]
[Black "Pouteau, Pascal"]
[Result "1-0"]
[WhiteElo "1767"]
[BlackElo "1349"]
[PlyCount "81"]

1. d4 d5 2. c4 Nf6 3. cxd5 Nxd5 4. Nf3 Bg4 5. Qb3 Nb6 6. e3 e6 7. Be2 Qd5 8.
Qd1 Bb4+ 9. Bd2 Qa5 10. Nc3 Bxf3 11. Bxf3 Nc6 12. Bxc6+ bxc6 13. O-O Nc4 14.
Qc2 Nxd2 15. Qxd2 O-O 16. Rfc1 Rfd8 17. a3 Bd6 18. b4 Qh5 19. g3 Qf5 20. Na4 h5
21. Qc2 Qh3 22. Qxc6 h4 23. Qg2 Qg4 24. Nc5 h3 25. Qe4 Qe2 26. Rc2 Qh5 27. Rac1
Re8 28. Na6 f5 29. Qd3 Qf3 30. Qf1 Qg4 31. Nxc7 Bxc7 32. Rxc7 f4 33. exf4 Rf8
34. f3 Qf5 35. Qe2 Rf7 36. Qe4 Rff8 37. Qxf5 exf5 38. Kf2 Rfe8 39. Re1 Kf8 40.
Rxe8+ Kxe8 41. Rxg7 1-0

[Event "Tournoi francophone 017"]
[Site "Skype"]
[Date "????.??.??"]
[Round "5.4"]
[White "Rodier, Marc"]
[Black "Abate, Luigi"]
[Result "1-0"]
[WhiteElo "1566"]
[BlackElo "1119"]
[PlyCount "23"]

1. e4 e5 2. Nf3 Nc6 3. Bb5 Nge7 4. c3 a6 5. Ba4 b5 6. Bb3 d6 7. Ng5 d5 8. exd5
Nxd5 9. Nxf7 Kxf7 10. Qf3+ Ke8 11. Bxd5 Qf6 12. Bxc6+ 1-0

[Event "Tournoi francophone 017"]
[Site "Skype"]
[Date "????.??.??"]
[Round "5.6"]
[White "Guillaume, Mickael"]
[Black "Sequeda Pimiento, Javier Ricardo"]
[Result "0-1"]
[WhiteElo "1106"]
[BlackElo "1434"]
[PlyCount "68"]

1. e4 e5 2. Bc4 Nf6 3. Nc3 Bc5 4. d3 O-O 5. Be3 Bxe3 6. fxe3 a6 7. d4 d6 8. Nf3
Bg4 9. O-O b5 10. Bd3 Nc6 11. dxe5 Nxe5 12. b4 Bxf3 13. gxf3 Qc8 14. Kg2 c5 15.
bxc5 Qxc5 16. Qd2 Rac8 17. Ne2 Ng6 18. Kh3 Qh5+ 19. Kg3 Qg5+ 20. Kf2 Qh4+ 21.
Kg2 Rc5 22. Ng3 Rg5 23. f4 Rg4 24. Qf2 Nh5 25. Be2 Nxg3 26. hxg3 Rc8 27. Bxg4
Qxg4 28. Rh1 h5 29. Kh2 h4 30. Rac1 hxg3+ 31. Qxg3 Qe2+ 32. Qg2 Qxe3 33. f5 Nh4
34. Qh3 Qf2+ 0-1

[Event "Tournoi francophone 017"]
[Site "Skype"]
[Date "????.??.??"]
[Round "5.7"]
[White "Vasquez Cienfuegos, Oscar"]
[Black "Lognos, Lina"]
[Result "1-0"]
[WhiteElo "1370"]
[BlackElo "1023"]
[PlyCount "63"]

1. e4 c5 2. Nf3 d6 3. Be2 Nf6 4. Nc3 Nc6 5. d4 cxd4 6. Nxd4 e5 7. Nb3 Be7 8.
O-O O-O 9. Be3 a6 10. Nd5 Nxe4 11. Bb6 Qd7 12. f3 Nf6 13. Be3 Nxd5 14. Qxd5 Nb4
15. Qd2 Nc6 16. Rfd1 b5 17. c4 Na7 18. Rac1 Bb7 19. Nc5 Qc7 20. Nb3 Qd7 21. Qc3
Rfc8 22. Qxe5 Nc6 23. Qc3 b4 24. Qd2 Ne5 25. c5 Rc6 26. Na5 Rc7 27. Qxb4 Nc6
28. Nxc6 Bxc6 29. cxd6 Rb7 30. Qc3 Bf8 31. Qxc6 Rxb2 32. Qxd7 1-0

[Event "Tournoi francophone 017"]
[Site "Skype"]
[Date "????.??.??"]
[Round "5.8"]
[White "Khabou, Taha"]
[Black "Bucherie, Volcy"]
[Result "1-0"]
[WhiteElo "1358"]
[BlackElo "1274"]
[PlyCount "121"]

1. d4 d5 2. Bf4 Bf5 3. e3 e6 4. Bd3 Bxd3 5. Qxd3 Nc6 6. c3 Nf6 7. Nf3 Be7 8. h3
O-O 9. Nbd2 h6 10. O-O Ne4 11. Nxe4 dxe4 12. Qxe4 Bf6 13. Ne5 Qd5 14. Qxd5 exd5
15. Nxc6 bxc6 16. Bxc7 a5 17. a4 Ra7 18. Bd6 Rd8 19. Bc5 Ra6 20. Rfe1 Rd7 21.
e4 Kh7 22. e5 Bg5 23. e6 Rb7 24. e7 Bxe7 25. Rxe7 Rxb2 26. Rxf7 Kg6 27. Re7 Rc2
28. Ra3 Rc1+ 29. Kh2 Ra8 30. Re6+ Kf5 31. Rxc6 Re8 32. Rd6 Kf4 33. Rxd5 Re2 34.
Bd6+ Ke4 35. Re5+ Kd3 36. Rxe2 Kxe2 37. Bg3 Kd3 38. d5 Rb1 39. d6 Rb8 40. Be5
Rb7 41. Ra1 Ke4 42. Bg3 g5 43. Re1+ Kd5 44. Re7 Rb8 45. d7 Rd8 46. Bc7 Rxd7 47.
Rxd7+ Kc6 48. Rh7 h5 49. Bxa5 h4 50. Bb4 Kd5 51. a5 Ke4 52. a6 Kf4 53. a7 g4
54. a8=Q g3+ 55. fxg3+ hxg3+ 56. Kg1 Kg5 57. Qd5+ Kg6 58. Ra7 Kf6 59. Ra6+ Kg7
60. Qb7+ Kg8 61. Ra8# 1-0

[Event "Tournoi francophone 017"]
[Site "Skype"]
[Date "????.??.??"]
[Round "5.9"]
[White "Trivedi, Viral"]
[Black "Marino, Giuseppe"]
[Result "1-0"]
[WhiteElo "1210"]
[BlackElo "1339"]
[PlyCount "61"]

1. e4 e5 2. Nf3 d6 3. d4 exd4 4. Nxd4 Nf6 5. Bd3 Be7 6. O-O O-O 7. Nc3 c6 8.
Bf4 Re8 9. e5 dxe5 10. Bxe5 Bc5 11. Bxf6 Qxf6 12. Re1 Qd8 13. Rxe8+ Qxe8 14.
Qh5 g6 15. Qxc5 Nd7 16. Qg5 a6 17. h4 Nf8 18. Ne4 Nd7 19. h5 Qf8 20. h6 a5 21.
Nf5 f6 22. Bc4+ Kh8 23. Qf4 Ne5 24. Ng7 Nxc4 25. Nxf6 Nd6 26. Re1 Bd7 27. Qd4
Rd8 28. Nxd7 Nf5 29. Nxf5+ Kg8 30. Ne7+ Kf7 31. Qf6+ 1-0

[Event "Tournoi francophone 017"]
[Site "Skype"]
[Date "????.??.??"]
[Round "5.10"]
[White "Rodriguez, Nathalie"]
[Black "Castillo, David"]
[Result "0-1"]
[WhiteElo "1127"]
[BlackElo "1381"]
[PlyCount "54"]

1. d4 f5 2. c4 d6 3. Nc3 Nf6 4. Bf4 c6 5. e3 g6 6. Nf3 Bg7 7. Be2 Nbd7 8. d5
cxd5 9. cxd5 Nb6 10. Bb5+ Bd7 11. Bxd7+ Qxd7 12. Rc1 Rc8 13. O-O O-O 14. Qb3
Rc5 15. Rfd1 Rfc8 16. Ng5 Ne4 17. Ne6 Rxc3 18. Rxc3 Bxc3 19. bxc3 Nxc3 20. Rd3
Ne2+ 21. Kf1 Nxf4 22. exf4 Rc1+ 23. Ke2 Qa4 24. Qb2 Rc6 25. Qc2 Qxc2+ 26. Rd2
Qc4+ 27. Rd3 Nxd5 0-1

[Event "Tournoi francophone 017"]
[Site "Skype"]
[Date "????.??.??"]
[Round "5.11"]
[White "Vincent, Andre"]
[Black "Salvi, Angele"]
[Result "1/2-1/2"]
[WhiteElo "1332"]
[BlackElo "1000"]
[PlyCount "73"]

1. Nf3 d6 2. d4 Nf6 3. g3 Bg4 4. Bg2 Nbd7 5. c4 e5 6. dxe5 Nxe5 7. Nc3 Nxc4 8.
O-O Be7 9. b3 Nb6 10. Bb2 Qd7 11. Nd4 c6 12. a4 O-O 13. Re1 Rfd8 14. f3 Bh5 15.
Qd2 h6 16. Rad1 Bg6 17. e4 Qc7 18. Nde2 d5 19. exd5 Nbxd5 20. Nxd5 Rxd5 21. Qc3
Qb6+ 22. Kf1 Bb4 23. Qc1 Bxe1 24. Rxe1 Rc5 25. Qe3 Re8 26. Qf2 Nd5 27. Bd4 Qxb3
28. Bxc5 Qxa4 29. Bxa7 Nb4 30. Qd4 Qb5 31. Qc5 Nd3 32. Qxb5 cxb5 33. Rb1 b4 34.
f4 b5 35. Rb3 Re7 36. Bb6 Re6 37. Bc7 1/2-1/2

[Event "Tournoi francophone 017"]
[Site "Skype"]
[Date "????.??.??"]
[Round "5.12"]
[White "Gerbaux, Regis"]
[Black "Vervoort, Jean-Louis"]
[Result "0-1"]
[WhiteElo "1075"]
[BlackElo "1273"]
[PlyCount "30"]

1. e4 e5 2. Nf3 Nc6 3. Bc4 Nf6 4. Ng5 d5 5. exd5 Nxd5 6. Nf3 Bg4 7. h3 Bh5 8.
d3 Bc5 9. O-O O-O 10. Qd2 Bxf3 11. gxf3 Nf4 12. Kh2 Qg5 13. Rg1 Qh4 14. Rg3 Nd4
15. Nc3 Nf5 0-1

[Event "Tournoi francophone 017"]
[Site "Skype"]
[Date "????.??.??"]
[Round "5.13"]
[White "Ortis, Yves"]
[Black "Hurtado De Mendoza, Ramon Miguel"]
[Result "0-1"]
[WhiteElo "1148"]
[BlackElo "1436"]
[PlyCount "72"]

1. c4 c5 2. e3 d5 3. Nf3 Nf6 4. Nc3 e6 5. d4 Nc6 6. cxd5 Nxd5 7. Nxd5 Qxd5 8.
Bd2 cxd4 9. Qc2 dxe3 10. Bxe3 Bb4+ 11. Bd2 Qa5 12. Bxb4 Nxb4 13. Qc3 Nc2+ 14.
Kd2 Qxc3+ 15. bxc3 Nxa1 16. Bb5+ Bd7 17. Bc4 Rd8 18. Rxa1 Bb5+ 19. Kc2 Bxc4 20.
Ne5 Bd5 21. f3 Rc8 22. Kd2 Ke7 23. Rc1 Rhd8 24. Ke1 Bc4 25. Nxc4 Rxc4 26. Kf2
Rd2+ 27. Kg3 Rxa2 28. Rb1 b6 29. Rc1 Ra3 30. h4 h5 31. Kh3 Rcxc3 32. Rd1 b5 33.
Rb1 f6 34. Rxb5 g6 35. Rb7+ Kf8 36. Rxa7 Rxa7 0-1

[Event "Tournoi francophone 017"]
[Site "Skype"]
[Date "????.??.??"]
[Round "5.15"]
[White "De Coninck, Philippe"]
[Black "Couto, Januario"]
[Result "1/2-1/2"]
[WhiteElo "1173"]
[BlackElo "1387"]
[PlyCount "67"]

1. e4 d5 2. exd5 Qxd5 3. Nc3 Qd6 4. Nf3 c6 5. Bc4 Bf5 6. d4 Nf6 7. O-O e6 8.
Re1 Be7 9. Bd3 Bxd3 10. Qxd3 O-O 11. Bg5 Nbd7 12. Rad1 Nb6 13. Bxf6 Bxf6 14.
Ne4 Qe7 15. Nxf6+ Qxf6 16. Ne5 Rad8 17. b3 Nd5 18. Qf3 Qxf3 19. Nxf3 a6 20. c4
Nf6 21. h3 Rd6 22. Re5 Rfd8 23. c5 Rd5 24. Rc1 Rxe5 25. dxe5 Ne4 26. Kf1 Nd2+
27. Nxd2 Rxd2 28. a4 Kf8 29. Rc4 Rb2 30. Rb4 Rc2 31. Rxb7 Rxc5 32. f4 a5 33.
Rb8+ Ke7 34. Rb7+ 1/2-1/2

[Event "Tournoi francophone 017"]
[Site "Skype"]
[Date "????.??.??"]
[Round "5.16"]
[White "Le Brun, Yves"]
[Black "Milanese, Serge"]
[Result "1-0"]
[WhiteElo "1321"]
[BlackElo "1202"]
[PlyCount "99"]

1. d4 Nf6 2. c4 d5 3. cxd5 Nxd5 4. Qb3 Nd7 5. Qxd5 e6 6. Qb3 Nf6 7. Nf3 b6 8.
e3 Be7 9. Bd3 O-O 10. O-O Bb7 11. Nbd2 c5 12. dxc5 Bxc5 13. Re1 Nd5 14. Qc2 g6
15. b3 Nb4 16. Qc3 Nxd3 17. Bb2 Nxb2 18. Qxb2 Rc8 19. b4 Be7 20. Rad1 Bf6 21.
Qb1 Bc3 22. Nb3 Qf6 23. Nbd2 Ba6 24. b5 Bb7 25. Re2 Rc5 26. Ne1 Rf5 27. Ne4
Bxe4 28. Qxe4 Qe5 29. Qxe5 Rxe5 30. a4 Kg7 31. f3 Ra8 32. Kf2 a6 33. Nd3 Rh5
34. Rc2 Ba5 35. bxa6 Rxa6 36. h3 Ra8 37. Ke2 Rd5 38. Nb2 Rxd1 39. Kxd1 Kf6 40.
Nc4 Ra6 41. Nxa5 Rxa5 42. Rc4 b5 43. axb5 Rxb5 44. Kc2 h5 45. h4 Kf5 46. Rf4+
Ke5 47. Rxf7 Rc5+ 48. Kd3 Ra5 49. f4+ Kd6 50. Rg7 1-0

[Event "Tournoi francophone 017"]
[Site "Skype"]
[Date "????.??.??"]
[Round "5.17"]
[White "Sepulveda, Lyda Marcela"]
[Black "Yepez, German"]
[Result "1-0"]
[WhiteElo "1302"]
[BlackElo "1181"]
[PlyCount "87"]

1. e4 e5 2. Nf3 Nc6 3. Bb5 Bc5 4. c3 a6 5. Ba4 b5 6. Bb3 d6 7. O-O Nf6 8. Qe2
O-O 9. d3 h6 10. Rd1 Bg4 11. Nbd2 Qd7 12. Nf1 Bh5 13. Ng3 Bg6 14. Nh4 Bh7 15.
Nhf5 Ne7 16. Qf3 Nxf5 17. Nxf5 Bg6 18. Ng3 h5 19. Bg5 Qg4 20. Qxg4 Nxg4 21. Rd2
Kh7 22. h3 Nh6 23. d4 exd4 24. cxd4 Bb4 25. Re2 f6 26. Bd2 h4 27. Bxb4 hxg3 28.
fxg3 Ng8 29. Rc1 Rac8 30. e5 fxe5 31. dxe5 Rfe8 32. Rce1 Bd3 33. Re3 Rxe5 34.
Rxd3 Rxe1+ 35. Bxe1 Nf6 36. Bc2 Kg8 37. Bc3 Ne8 38. Bb3+ Kh7 39. Rd4 g5 40. Re4
Ng7 41. Re7 c5 42. Rxg7+ Kh6 43. Bc2 b4 44. Rh7# 1-0

[Event "Tournoi francophone 017"]
[Site "Skype"]
[Date "????.??.??"]
[Round "5.18"]
[White "Rivalta, Paolo"]
[Black "Hargez, Dany"]
[Result "1-0"]
[WhiteElo "1142"]
[BlackElo "1296"]
[PlyCount "49"]

1. d4 d5 2. Nf3 Nf6 3. Bf4 Nc6 4. e3 Bf5 5. c4 e6 6. Nc3 Bb4 7. Qb3 Ne4 8. c5
O-O 9. a3 Ba5 10. Qxb7 Nxc3 11. Qxc6 Ne4+ 12. b4 Qe8 13. Qxe8 Rfxe8 14. bxa5 c6
15. Ba6 Nc3 16. O-O Be4 17. Bb7 Rad8 18. Bxc6 Ne2+ 19. Kh1 Nxf4 20. Bxe8 Rxe8
21. exf4 f5 22. Ne5 g6 23. c6 Kg7 24. Rac1 Rc8 25. f3 1-0

[Event "Tournoi francophone 017"]
[Site "Skype"]
[Date "????.??.??"]
[Round "5.19"]
[White "Roman, Sylvian"]
[Black "Martin, Jean-Claude"]
[Result "1-0"]
[WhiteElo "1284"]
[BlackElo "1153"]
[PlyCount "69"]

1. d4 e5 2. d5 Bc5 3. e4 Qh4 4. Qf3 Nf6 5. Be3 Bxe3 6. Qxe3 Ng4 7. Qg3 Qxg3 8.
hxg3 d6 9. Nc3 a6 10. Nf3 h6 11. Be2 Nf6 12. Nd2 O-O 13. f3 Nh5 14. Rxh5 Nd7
15. O-O-O Nf6 16. Rh2 c6 17. g4 cxd5 18. exd5 b5 19. Nde4 Nxe4 20. Nxe4 Rd8 21.
Rdh1 Kf8 22. Bd3 Bb7 23. Ng5 hxg5 24. Rh8+ Ke7 25. Rxd8 Rxd8 26. Be4 f6 27. Rh7
Kf7 28. b4 Kg8 29. Rh2 Rc8 30. Bf5 Re8 31. Be6+ Kf8 32. Rh8+ Ke7 33. Rh7 Kf8
34. c3 Ba8 35. Kb2 1-0

[Event "Tournoi francophone 017"]
[Site "Skype"]
[Date "????.??.??"]
[Round "5.20"]
[White "Cengiz, Ali Ekber"]
[Black "Hampton, Irene"]
[Result "1-0"]
[WhiteElo "1281"]
[BlackElo "1026"]
[PlyCount "63"]

1. e4 c6 2. d4 d5 3. e5 Bf5 4. Nf3 e6 5. Nc3 c5 6. Bd3 Bxd3 7. Qxd3 Nc6 8. O-O
a6 9. Ne2 h6 10. c3 c4 11. Qd1 Qd7 12. b3 Na5 13. Nd2 O-O-O 14. bxc4 dxc4 15.
Nf4 Be7 16. Qe2 Qc6 17. Rb1 Bg5 18. Nh5 Rh7 19. Ba3 Rd5 20. Ne4 Rb5 21. Nd6+
Kd7 22. Nxb5 axb5 23. Bb4 b6 24. Ng3 g6 25. Bxa5 bxa5 26. Ne4 f5 27. exf6 Bh4
28. Nc5+ Kc7 29. Nxe6+ Kb6 30. Qe3 Nxf6 31. d5+ Qc5 32. Qxc5+ 1-0

[Event "Tournoi francophone 017"]
[Site "Skype"]
[Date "????.??.??"]
[Round "5.21"]
[White "L'Herbon De Lussats, Jean"]
[Black "Blanchard, Colette"]
[Result "1-0"]
[WhiteElo "1245"]
[BlackElo "1000"]
[PlyCount "53"]

1. e4 d6 2. d4 Nf6 3. Nd2 g6 4. Ngf3 Bg7 5. c3 O-O 6. Bc4 e6 7. O-O b6 8. Re1
Bb7 9. a3 Nbd7 10. e5 Nh5 11. Ng5 Nf4 12. Ndf3 Bxf3 13. Nxf3 d5 14. Ba2 c5 15.
Bxf4 f6 16. Qd2 g5 17. Be3 fxe5 18. Bxg5 Qe8 19. Bh6 Qg6 20. Bxg7 Qxg7 21. Nxe5
Nf6 22. Re2 Rad8 23. Rae1 c4 24. Re3 Ne4 25. Rxe4 dxe4 26. Rxe4 b5 27. Rg4 1-0

[Event "Tournoi francophone 017"]
[Site "Skype"]
[Date "????.??.??"]
[Round "5.22"]
[White "Schnell, Nicolas"]
[Black "Briere, Jean"]
[Result "0-1"]
[WhiteElo "1000"]
[BlackElo "1237"]
[PlyCount "70"]

1. e4 e5 2. Nf3 Nc6 3. Bc4 Bc5 4. O-O Nf6 5. d3 h6 6. Nh4 Nxe4 7. dxe4 Qxh4 8.
g3 Qxe4 9. Bb3 O-O 10. Nc3 Qf5 11. Re1 Bxf2+ 12. Kf1 Bxe1+ 13. Ke2 Qg4+ 14.
Kxe1 Qxd1+ 15. Nxd1 d6 16. Ne3 Nd4 17. Bd5 c6 18. Be4 d5 19. Bd3 e4 20. Be2
Nxe2 21. Bd2 Nd4 22. Rc1 f5 23. Ng2 Nf3+ 24. Ke2 Nxd2 25. Kxd2 g5 26. h4 f4 27.
gxf4 gxf4 28. Rg1 Kh7 29. h5 Rg8 30. b3 f3 31. Ke1 fxg2 32. Kf2 Bh3 33. Rf1
Raf8+ 34. Kg1 gxf1=Q+ 35. Kh2 Qg2# 0-1

[Event "Tournoi francophone 017"]
[Site "Skype"]
[Date "????.??.??"]
[Round "5.23"]
[White "Fouques Duparc, Paulin"]
[Black "Sahrane, Juba"]
[Result "1/2-1/2"]
[WhiteElo "1207"]
[BlackElo "1514"]
[PlyCount "48"]

1. b4 c5 2. bxc5 e6 3. d4 Nf6 4. Nc3 d5 5. g3 Be7 6. Bg2 O-O 7. e4 dxe4 8. Nxe4
Nxe4 9. Bxe4 Qc7 10. Ne2 Bd7 11. O-O Bc6 12. Qd3 Bxe4 13. Qxe4 Bf6 14. Rb1 Nc6
15. c3 Rfe8 16. Qc2 e5 17. d5 Na5 18. Ba3 Nc4 19. Qc1 Rac8 20. Rb4 Nxa3 21.
Qxa3 Qxc5 22. c4 a5 23. Ra4 b6 24. Qxc5 Rxc5 1/2-1/2

[Event "Tournoi francophone 017"]
[Site "Skype"]
[Date "????.??.??"]
[Round "5.24"]
[White "Scata, Laura"]
[Black "Le Bouill, Pierre"]
[Result "1-0"]
[WhiteElo "1366"]
[BlackElo "1260"]
[PlyCount "83"]

1. d4 Nf6 2. Nf3 d5 3. c4 c6 4. g3 g6 5. Bg2 Bg7 6. Nc3 O-O 7. O-O Bg4 8. Qb3
b6 9. Ne5 Bc8 10. e3 Bb7 11. cxd5 cxd5 12. Re1 e6 13. Bd2 Nbd7 14. Nxd7 Qxd7
15. Rac1 Rac8 16. Rc2 Rfe8 17. Rec1 Ba6 18. Qa4 Bd3 19. Qxd7 Nxd7 20. Bf1 Bxc2
21. Ba6 Rb8 22. Rxc2 Re7 23. a3 e5 24. Nxd5 Re6 25. Rc7 b5 26. Rxd7 Rxa6 27.
Bb4 Bf6 28. Nxf6+ Rxf6 29. Rxa7 exd4 30. exd4 Rc8 31. Bc5 Re8 32. Kf1 h5 33.
Rb7 Rfe6 34. Rxb5 Re1+ 35. Kg2 R1e2 36. a4 g5 37. a5 R8e3 38. a6 g4 39. a7 Rf3
40. a8=Q+ Kh7 41. d5 h4 42. gxh4 1-0

[Event "Tournoi francophone 017"]
[Site "Skype"]
[Date "????.??.??"]
[Round "5.25"]
[White "Prieto, Jairo Ovidio"]
[Black "Ruiz Aguilera, Juan Jesus"]
[Result "1/2-1/2"]
[WhiteElo "1277"]
[BlackElo "1102"]
[PlyCount "43"]

1. e4 e6 2. d4 d5 3. Bd3 dxe4 4. Bxe4 Nf6 5. Bf3 Be7 6. c4 O-O 7. Qb3 Qxd4 8.
Bxb7 Bxb7 9. Qxb7 Qe4+ 10. Qxe4 Nxe4 11. Nf3 Bb4+ 12. Bd2 Nxd2 13. Nbxd2 Bxd2+
14. Nxd2 Nc6 15. O-O Rab8 16. b3 Rfd8 17. Rad1 Rd4 18. Nb1 e5 19. Nc3 Rbd8 20.
Rxd4 Rxd4 21. Rd1 Rxd1+ 22. Nxd1 1/2-1/2

[Event "Tournoi francophone 017"]
[Site "Skype"]
[Date "????.??.??"]
[Round "5.26"]
[White "Gadow, Martin"]
[Black "Tolaro, Filippa"]
[Result "0-1"]
[WhiteElo "1485"]
[BlackElo "1114"]
[PlyCount "62"]

1. d4 d5 2. Nf3 Nf6 3. Bf4 Bf5 4. Nbd2 e6 5. e3 c5 6. dxc5 Bxc5 7. c3 O-O 8.
Be2 Nbd7 9. Nb3 Bd6 10. Bxd6 Ne4 11. Bxf8 Qxf8 12. Nbd4 Bg6 13. h3 e5 14. Nxe5
Nxe5 15. Nf3 Nc6 16. O-O h6 17. Qxd5 Nf6 18. Qb3 Qe7 19. Rad1 b6 20. Nd4 Na5
21. Qa4 Be4 22. b4 Nb7 23. c4 a5 24. a3 Nd6 25. Nc6 Qe6 26. b5 Nh5 27. Bxh5 Qf6
28. f4 Qh4 29. Rxd6 Qxh5 30. c5 Qe2 31. Qd4 Qxg2# 0-1

[Event "Tournoi francophone 017"]
[Site "Skype"]
[Date "????.??.??"]
[Round "5.27"]
[White "De Fazio, Monica"]
[Black "Codina, Teresa"]
[Result "1-0"]
[WhiteElo "1153"]
[BlackElo "1310"]
[PlyCount "79"]

1. d4 d5 2. c4 e6 3. Nc3 c6 4. Nf3 Be7 5. e3 Nf6 6. Bd3 O-O 7. O-O Nbd7 8. Bd2
c5 9. cxd5 exd5 10. dxc5 Nxc5 11. Ne5 Nxd3 12. Nxd3 h6 13. h3 Be6 14. Rc1 Rc8
15. Re1 a6 16. Na4 Rxc1 17. Qxc1 b5 18. Nac5 Bf5 19. a3 a5 20. Ne5 Bd6 21. Nc6
Qa8 22. Nxa5 Rc8 23. Nab3 Nd7 24. Bb4 Ne5 25. Qd2 Bxc5 26. Nxc5 Nc4 27. Qd4 Re8
28. Bc3 f6 29. g4 Be4 30. Nxe4 Rxe4 31. Qc5 Ne5 32. Bxe5 Rxe5 33. Qxb5 d4 34.
Qd3 dxe3 35. Rxe3 Rxe3 36. Qxe3 Kf7 37. Qb3+ Ke7 38. Qb4+ Ke6 39. Qc4+ Ke7 40.
a4 1-0

[Event "Tournoi francophone 017"]
[Site "Skype"]
[Date "????.??.??"]
[Round "5.28"]
[White "Sauvaget, Joel"]
[Black "Coude, Josue"]
[Result "1-0"]
[WhiteElo "1290"]
[BlackElo "1099"]
[PlyCount "71"]

1. d4 d5 2. c4 Nf6 3. e3 Nc6 4. a3 Bf5 5. Nc3 e6 6. Nf3 Bd6 7. h3 Qd7 8. cxd5
Nxd5 9. Nxd5 exd5 10. Bb5 a6 11. Ba4 b5 12. Bb3 Be6 13. Bd2 O-O 14. Bc3 Rfe8
15. O-O a5 16. Bc2 g6 17. Bd2 b4 18. Ba4 Ra6 19. Bb5 Rb6 20. a4 Qe7 21. Rc1 Rc8
22. Bxc6 Qf6 23. Bb5 Rbb8 24. b3 h5 25. Be1 g5 26. Ne5 Bxe5 27. dxe5 Qxe5 28.
Qxh5 Qg7 29. Be2 f6 30. f4 Bf7 31. Qg4 Qg6 32. Bd1 f5 33. Qxg5 Qxg5 34. fxg5
Re8 35. Bf2 Kg7 36. Rxc7 1-0

[Event "Tournoi francophone 017"]
[Site "Skype"]
[Date "????.??.??"]
[Round "5.29"]
[White "Montilla Bejarano, Mey"]
[Black "Yepes Bermudez, Maribel"]
[Result "0-1"]
[WhiteElo "1116"]
[BlackElo "1287"]
[PlyCount "48"]

1. d4 d5 2. Nf3 Nf6 3. Bf4 Bf5 4. c4 e6 5. Nc3 c6 6. Ne5 Bb4 7. cxd5 cxd5 8.
Qa4+ Nc6 9. Nxc6 Bxc3+ 10. bxc3 bxc6 11. Qxc6+ Nd7 12. Rb1 Rc8 13. Qb5 Bxb1 14.
Qxb1 Rxc3 15. Bd2 Rc8 16. e3 O-O 17. Bd3 Nf6 18. Bb4 Rb8 19. O-O Re8 20. Qe1
Qb6 21. a3 a5 22. Bxa5 Qb3 23. Bc7 Rbc8 24. Qa5 Qxd3 0-1

[Event "Tournoi francophone 017"]
[Site "Skype"]
[Date "????.??.??"]
[Round "5.30"]
[White "Porcabeuf, Jean-Marc"]
[Black "Dib, Catherine"]
[Result "0-1"]
[WhiteElo "1229"]
[BlackElo "1096"]
[PlyCount "50"]

1. d4 Nf6 2. c4 e6 3. Bf4 Bb4+ 4. Nc3 O-O 5. Nf3 Re8 6. e3 d5 7. cxd5 exd5 8.
Bd3 Bg4 9. O-O Nbd7 10. e4 dxe4 11. Nxe4 Nxe4 12. Bxe4 Rxe4 13. Qd3 Qe7 14. Bg5
Qe8 15. d5 h6 16. a3 Bd6 17. Nd2 Re2 18. Be3 Ne5 19. Qd4 b6 20. h3 Bc5 21. Qf4
Bxe3 22. fxe3 Rxd2 23. Rab1 Be2 24. Rfe1 Nd3 25. Qf2 Nxf2 0-1

[Event "Tournoi francophone 017"]
[Site "Skype"]
[Date "????.??.??"]
[Round "5.31"]
[White "Esformes, Jacques"]
[Black "Malbec, Robert"]
[Result "1-0"]
[WhiteElo "1015"]
[BlackElo "1223"]
[PlyCount "39"]

1. c4 e5 2. Nc3 Nf6 3. Nf3 Nc6 4. e3 Bb4 5. a3 Bxc3 6. bxc3 d6 7. d4 Bg4 8. d5
Nb8 9. Be2 O-O 10. h3 Bh5 11. Ng5 Bxe2 12. Qxe2 h6 13. Nf3 c5 14. e4 Qa5 15.
Qd3 Nbd7 16. O-O Nb6 17. Nh4 Qa6 18. Qg3 Kh8 19. Nf5 Qxc4 20. Qxg7# 1-0

[Event "Tournoi francophone 017"]
[Site "Skype"]
[Date "????.??.??"]
[Round "5.32"]
[White "Busto, Ricardo"]
[Black "Gagnon, Sindy"]
[Result "1-0"]
[WhiteElo "1198"]
[BlackElo "1000"]
[PlyCount "49"]

1. d4 Nf6 2. Nf3 e6 3. Bf4 Nc6 4. e3 d6 5. Bg5 Be7 6. Nbd2 O-O 7. Be2 h6 8. Bh4
b6 9. Bd3 Bb7 10. Qe2 a5 11. O-O-O Ra7 12. Bg3 Nh5 13. e4 d5 14. Ne5 Nxd4 15.
Qxh5 g6 16. Qxh6 Re8 17. Qe3 c5 18. c3 Nf5 19. exf5 exf5 20. h4 c4 21. Bc2 Bc5
22. Qe2 d4 23. Qxc4 Kh7 24. Qxf7+ Kh6 25. Qxg6# 1-0

[Event "Tournoi francophone 017"]
[Site "Skype"]
[Date "????.??.??"]
[Round "5.33"]
[White "Radice, Marco"]
[Black "Colangelo, Michele"]
[Result "0-1"]
[WhiteElo "1000"]
[BlackElo "1189"]
[PlyCount "56"]

1. d4 d5 2. Bf4 Nf6 3. e3 a6 4. Nf3 Bg4 5. Be2 Nc6 6. O-O e6 7. c4 Be7 8. Nc3
O-O 9. Re1 Bb4 10. Ne5 Nxe5 11. Bxe5 Nd7 12. Bxg4 Nxe5 13. dxe5 Qg5 14. cxd5
Qxe5 15. Bf3 Bxc3 16. bxc3 Rad8 17. c4 exd5 18. cxd5 c6 19. e4 Rd6 20. Qb3 Rh6
21. h3 c5 22. Qxb7 Rb8 23. Qa7 Rb2 24. Qxc5 g6 25. Qc8+ Kg7 26. Bg4 Qf4 27. e5
Qxf2+ 28. Kh1 Qxg2# 0-1

[Event "Tournoi francophone 017"]
[Site "Skype"]
[Date "????.??.??"]
[Round "5.34"]
[White "Cassano, Mariangela"]
[Black "Ibanez, Bittor"]
[Result "0-1"]
[WhiteElo "1000"]
[BlackElo "1080"]
[PlyCount "60"]

1. e4 c5 2. Bc4 Nc6 3. Nf3 e6 4. a3 Nf6 5. d3 d5 6. Nbd2 dxc4 7. Nxc4 b5 8. Ne3
Bd6 9. O-O Nd4 10. c3 Nxf3+ 11. Qxf3 Qc7 12. g3 h6 13. Bd2 O-O 14. c4 Nh7 15.
Rfe1 Ng5 16. Qg2 e5 17. Nd5 Nh3+ 18. Qxh3 Bxh3 19. Nxc7 Bxc7 20. f3 Rfd8 21.
Re3 bxc4 22. dxc4 Rxd2 23. Ree1 Ba5 24. Rad1 Rg2+ 25. Kh1 Bxe1 26. Rxe1 Rxb2
27. Kg1 Rab8 28. g4 Rg2+ 29. Kh1 Rbb2 30. Rg1 Rxh2# 0-1